Países mais visitados do mundo - Statistics

Estatísticas Gerais
  • Esse quiz foi jogado 134 vezes
  • A pontuação média é 8 de 10
Estatísticas das Respostas
Hint Resposta % Correto
5º Lugar Itália
98%
1º Lugar França
97%
7º Lugar Alemanha
96%
3º Lugar Espanha
95%
4º Lugar China
91%
9º Lugar Rússia
86%
8º Lugar Reino Unido
83%
2º Lugar EUA
78%
6º Lugar Turquia
47%
10º Lugar Tailândia
45%
Nenhum quiz correspondente encontrado
Distribuição das Pontuações
Porcentagem de Pessoas com Cada Pontuação
Percentil de Números Respondidos
Sua Pontuação Histórica
Você não jogou esse quiz